| 000 | 00823nam a2200277Ia 4500 | ||
|---|---|---|---|
| 003 | OSt | ||
| 005 | 20220927105309.0 | ||
| 006 | a|||||r|||| 00| 0 | ||
| 007 | ta | ||
| 008 | 220926b |||||||| |||| 00| 0 eng d | ||
| 020 | _a0415153476 | ||
| 024 | _a160267 | ||
| 037 | _cReference Collections | ||
| 040 |
_aRTL _cRTL _beng |
||
| 041 |
_2eng _aeng |
||
| 082 | _a"Y12.56.N, P0" | ||
| 100 |
_aO'Donnell Mike _9371481 |
||
| 245 | 0 |
_aUncertain masculinities _b" Youth, ethnicity and class in contemporary Britain" |
|
| 260 |
_aLondon _bRoutledge _c2000 |
||
| 300 |
_a208p _ccm. |
||
| 500 | _aBibliography P 200-204 | ||
| 650 | _aSociology | ||
| 700 |
_a Sharpe Sue _9371482 |
||
| 942 |
_h"Y12.56.N, P0" _cCC |
||
| 999 |
_c691658 _d691658 |
||